<?xml version="1.0" encoding="UTF-8"?>
<record
    xmlns:xsi="http://www.w3.org/2001/XMLSchema-instance"
    xsi:schemaLocation="http://www.loc.gov/MARC21/slim http://www.loc.gov/standards/marcxml/schema/MARC21slim.xsd"
    xmlns="http://www.loc.gov/MARC21/slim">

  <leader>00480    a2200157   4500</leader>
  <controlfield tag="003">NUST</controlfield>
  <controlfield tag="005">20220930145542.0</controlfield>
  <datafield tag="020" ind1=" " ind2=" ">
    <subfield code="a">1564240460</subfield>
  </datafield>
  <datafield tag="082" ind1=" " ind2=" ">
    <subfield code="a">624.182102 AME</subfield>
  </datafield>
  <datafield tag="245" ind1=" " ind2=" ">
    <subfield code="a">Manual of Steel Construction : Load and Resistance Factor Design [vol-1] /</subfield>
    <subfield code="c">AISC</subfield>
  </datafield>
  <datafield tag="250" ind1=" " ind2=" ">
    <subfield code="a">2nd. ed.</subfield>
  </datafield>
  <datafield tag="260" ind1=" " ind2=" ">
    <subfield code="a">America :</subfield>
    <subfield code="c">American Institute of Steel Construction</subfield>
    <subfield code="b">1998</subfield>
  </datafield>
  <datafield tag="300" ind1=" " ind2=" ">
    <subfield code="a">variouse pages :</subfield>
    <subfield code="b">ill . ;</subfield>
    <subfield code="c">25cm</subfield>
  </datafield>
  <datafield tag="650" ind1=" " ind2=" ">
    <subfield code="a">steel construction</subfield>
    <subfield code="9">30205</subfield>
  </datafield>
  <datafield tag="942" ind1=" " ind2=" ">
    <subfield code="2">ddc</subfield>
    <subfield code="c">BK</subfield>
    <subfield code="e">second </subfield>
  </datafield>
  <datafield tag="999" ind1=" " ind2=" ">
    <subfield code="c">591464</subfield>
    <subfield code="d">591464</subfield>
  </datafield>
  <datafield tag="952" ind1=" " ind2=" ">
    <subfield code="0">0</subfield>
    <subfield code="1">0</subfield>
    <subfield code="2">ddc</subfield>
    <subfield code="4">0</subfield>
    <subfield code="7">0</subfield>
    <subfield code="a">NIT</subfield>
    <subfield code="b">NIT</subfield>
    <subfield code="d">2022-09-30</subfield>
    <subfield code="l">0</subfield>
    <subfield code="o">624.182102 AME</subfield>
    <subfield code="p">NIT-13601</subfield>
    <subfield code="r">2022-09-30</subfield>
    <subfield code="w">2022-09-30</subfield>
    <subfield code="y">BK</subfield>
  </datafield>
  <datafield tag="952" ind1=" " ind2=" ">
    <subfield code="0">0</subfield>
    <subfield code="1">0</subfield>
    <subfield code="2">ddc</subfield>
    <subfield code="4">0</subfield>
    <subfield code="7">0</subfield>
    <subfield code="a">NIT</subfield>
    <subfield code="b">NIT</subfield>
    <subfield code="d">2022-09-30</subfield>
    <subfield code="l">1</subfield>
    <subfield code="o">624.182102 AME</subfield>
    <subfield code="p">NIT-13602</subfield>
    <subfield code="r">2026-01-02</subfield>
    <subfield code="s">2025-05-26</subfield>
    <subfield code="w">2022-09-30</subfield>
    <subfield code="y">BK</subfield>
  </datafield>
  <datafield tag="952" ind1=" " ind2=" ">
    <subfield code="0">0</subfield>
    <subfield code="1">0</subfield>
    <subfield code="2">ddc</subfield>
    <subfield code="4">0</subfield>
    <subfield code="7">0</subfield>
    <subfield code="a">NIT</subfield>
    <subfield code="b">NIT</subfield>
    <subfield code="d">2022-09-30</subfield>
    <subfield code="l">0</subfield>
    <subfield code="o">624.182102 AME</subfield>
    <subfield code="p">NIT-13603</subfield>
    <subfield code="r">2022-09-30</subfield>
    <subfield code="w">2022-09-30</subfield>
    <subfield code="y">BK</subfield>
  </datafield>
  <datafield tag="952" ind1=" " ind2=" ">
    <subfield code="0">0</subfield>
    <subfield code="1">0</subfield>
    <subfield code="2">ddc</subfield>
    <subfield code="4">0</subfield>
    <subfield code="7">0</subfield>
    <subfield code="a">NIT</subfield>
    <subfield code="b">NIT</subfield>
    <subfield code="d">2022-09-30</subfield>
    <subfield code="l">0</subfield>
    <subfield code="o">624.182102 AME</subfield>
    <subfield code="p">NIT-13604</subfield>
    <subfield code="r">2022-09-30</subfield>
    <subfield code="w">2022-09-30</subfield>
    <subfield code="y">BK</subfield>
  </datafield>
  <datafield tag="952" ind1=" " ind2=" ">
    <subfield code="0">0</subfield>
    <subfield code="1">0</subfield>
    <subfield code="2">ddc</subfield>
    <subfield code="4">0</subfield>
    <subfield code="7">0</subfield>
    <subfield code="a">NIT</subfield>
    <subfield code="b">NIT</subfield>
    <subfield code="d">2022-09-30</subfield>
    <subfield code="l">1</subfield>
    <subfield code="o">624.182102 AME</subfield>
    <subfield code="p">NIT-13605</subfield>
    <subfield code="r">2026-02-23</subfield>
    <subfield code="s">2025-09-08</subfield>
    <subfield code="w">2022-09-30</subfield>
    <subfield code="y">BK</subfield>
  </datafield>
  <datafield tag="952" ind1=" " ind2=" ">
    <subfield code="0">0</subfield>
    <subfield code="1">0</subfield>
    <subfield code="2">ddc</subfield>
    <subfield code="4">0</subfield>
    <subfield code="7">0</subfield>
    <subfield code="a">NIT</subfield>
    <subfield code="b">NIT</subfield>
    <subfield code="d">2022-09-30</subfield>
    <subfield code="l">0</subfield>
    <subfield code="o">624.182102 AME</subfield>
    <subfield code="p">NIT-13606</subfield>
    <subfield code="r">2022-09-30</subfield>
    <subfield code="w">2022-09-30</subfield>
    <subfield code="y">BK</subfield>
  </datafield>
  <datafield tag="952" ind1=" " ind2=" ">
    <subfield code="0">0</subfield>
    <subfield code="1">0</subfield>
    <subfield code="2">ddc</subfield>
    <subfield code="4">0</subfield>
    <subfield code="7">0</subfield>
    <subfield code="a">NIT</subfield>
    <subfield code="b">NIT</subfield>
    <subfield code="d">2022-09-30</subfield>
    <subfield code="l">0</subfield>
    <subfield code="o">624.182102 AME</subfield>
    <subfield code="p">NIT-13607</subfield>
    <subfield code="r">2022-09-30</subfield>
    <subfield code="w">2022-09-30</subfield>
    <subfield code="y">BK</subfield>
  </datafield>
  <datafield tag="952" ind1=" " ind2=" ">
    <subfield code="0">0</subfield>
    <subfield code="1">0</subfield>
    <subfield code="2">ddc</subfield>
    <subfield code="4">0</subfield>
    <subfield code="7">0</subfield>
    <subfield code="a">NIT</subfield>
    <subfield code="b">NIT</subfield>
    <subfield code="d">2022-09-30</subfield>
    <subfield code="l">0</subfield>
    <subfield code="o">624.182102 AME</subfield>
    <subfield code="p">NIT-13608</subfield>
    <subfield code="r">2022-09-30</subfield>
    <subfield code="w">2022-09-30</subfield>
    <subfield code="y">BK</subfield>
  </datafield>
  <datafield tag="952" ind1=" " ind2=" ">
    <subfield code="0">0</subfield>
    <subfield code="1">0</subfield>
    <subfield code="2">ddc</subfield>
    <subfield code="4">0</subfield>
    <subfield code="7">0</subfield>
    <subfield code="a">NIT</subfield>
    <subfield code="b">NIT</subfield>
    <subfield code="d">2022-09-30</subfield>
    <subfield code="l">0</subfield>
    <subfield code="o">624.182102 AME</subfield>
    <subfield code="p">NIT-13609</subfield>
    <subfield code="r">2022-09-30</subfield>
    <subfield code="w">2022-09-30</subfield>
    <subfield code="y">BK</subfield>
  </datafield>
  <datafield tag="952" ind1=" " ind2=" ">
    <subfield code="0">0</subfield>
    <subfield code="1">0</subfield>
    <subfield code="2">ddc</subfield>
    <subfield code="4">0</subfield>
    <subfield code="7">0</subfield>
    <subfield code="a">NIT</subfield>
    <subfield code="b">NIT</subfield>
    <subfield code="d">2022-09-30</subfield>
    <subfield code="l">1</subfield>
    <subfield code="o">624.182102 AME</subfield>
    <subfield code="p">NIT-13610</subfield>
    <subfield code="r">2026-01-02</subfield>
    <subfield code="s">2025-10-08</subfield>
    <subfield code="w">2022-09-30</subfield>
    <subfield code="y">BK</subfield>
  </datafield>
  <datafield tag="952" ind1=" " ind2=" ">
    <subfield code="0">0</subfield>
    <subfield code="1">0</subfield>
    <subfield code="2">ddc</subfield>
    <subfield code="4">0</subfield>
    <subfield code="7">0</subfield>
    <subfield code="a">NIT</subfield>
    <subfield code="b">NIT</subfield>
    <subfield code="d">2022-09-30</subfield>
    <subfield code="l">0</subfield>
    <subfield code="o">624.182102 AME</subfield>
    <subfield code="p">NIT-13611</subfield>
    <subfield code="r">2022-09-30</subfield>
    <subfield code="w">2022-09-30</subfield>
    <subfield code="y">BK</subfield>
  </datafield>
  <datafield tag="952" ind1=" " ind2=" ">
    <subfield code="0">0</subfield>
    <subfield code="1">0</subfield>
    <subfield code="2">ddc</subfield>
    <subfield code="4">0</subfield>
    <subfield code="7">0</subfield>
    <subfield code="a">NIT</subfield>
    <subfield code="b">NIT</subfield>
    <subfield code="d">2022-09-30</subfield>
    <subfield code="l">0</subfield>
    <subfield code="o">624.182102 AME</subfield>
    <subfield code="p">NIT-13612</subfield>
    <subfield code="r">2022-09-30</subfield>
    <subfield code="w">2022-09-30</subfield>
    <subfield code="y">BK</subfield>
  </datafield>
  <datafield tag="952" ind1=" " ind2=" ">
    <subfield code="0">0</subfield>
    <subfield code="1">0</subfield>
    <subfield code="2">ddc</subfield>
    <subfield code="4">0</subfield>
    <subfield code="7">0</subfield>
    <subfield code="a">NIT</subfield>
    <subfield code="b">NIT</subfield>
    <subfield code="d">2022-09-30</subfield>
    <subfield code="l">0</subfield>
    <subfield code="o">624.182102 AME</subfield>
    <subfield code="p">NIT-13613</subfield>
    <subfield code="r">2022-09-30</subfield>
    <subfield code="w">2022-09-30</subfield>
    <subfield code="y">BK</subfield>
  </datafield>
  <datafield tag="952" ind1=" " ind2=" ">
    <subfield code="0">0</subfield>
    <subfield code="1">0</subfield>
    <subfield code="2">ddc</subfield>
    <subfield code="4">0</subfield>
    <subfield code="7">0</subfield>
    <subfield code="a">NIT</subfield>
    <subfield code="b">NIT</subfield>
    <subfield code="d">2022-09-30</subfield>
    <subfield code="l">0</subfield>
    <subfield code="o">624.182102 AME</subfield>
    <subfield code="p">NIT-13614</subfield>
    <subfield code="r">2022-09-30</subfield>
    <subfield code="w">2022-09-30</subfield>
    <subfield code="y">BK</subfield>
  </datafield>
  <datafield tag="952" ind1=" " ind2=" ">
    <subfield code="0">0</subfield>
    <subfield code="1">0</subfield>
    <subfield code="2">ddc</subfield>
    <subfield code="4">0</subfield>
    <subfield code="7">0</subfield>
    <subfield code="a">NIT</subfield>
    <subfield code="b">NIT</subfield>
    <subfield code="d">2022-09-30</subfield>
    <subfield code="l">0</subfield>
    <subfield code="o">624.182102 AME</subfield>
    <subfield code="p">NIT-13615</subfield>
    <subfield code="r">2022-11-04</subfield>
    <subfield code="w">2022-09-30</subfield>
    <subfield code="y">BK</subfield>
  </datafield>
  <datafield tag="952" ind1=" " ind2=" ">
    <subfield code="0">0</subfield>
    <subfield code="1">0</subfield>
    <subfield code="2">ddc</subfield>
    <subfield code="4">0</subfield>
    <subfield code="7">0</subfield>
    <subfield code="a">NIT</subfield>
    <subfield code="b">NIT</subfield>
    <subfield code="d">2022-09-30</subfield>
    <subfield code="l">0</subfield>
    <subfield code="o">624.182102 AME</subfield>
    <subfield code="p">NIT-13616</subfield>
    <subfield code="r">2022-11-04</subfield>
    <subfield code="w">2022-09-30</subfield>
    <subfield code="y">BK</subfield>
  </datafield>
  <datafield tag="952" ind1=" " ind2=" ">
    <subfield code="0">0</subfield>
    <subfield code="1">0</subfield>
    <subfield code="2">ddc</subfield>
    <subfield code="4">0</subfield>
    <subfield code="7">0</subfield>
    <subfield code="a">NIT</subfield>
    <subfield code="b">NIT</subfield>
    <subfield code="d">2022-09-30</subfield>
    <subfield code="l">0</subfield>
    <subfield code="o">624.182102 AME</subfield>
    <subfield code="p">NIT-13617</subfield>
    <subfield code="r">2022-11-04</subfield>
    <subfield code="w">2022-09-30</subfield>
    <subfield code="y">BK</subfield>
  </datafield>
  <datafield tag="952" ind1=" " ind2=" ">
    <subfield code="0">0</subfield>
    <subfield code="1">0</subfield>
    <subfield code="2">ddc</subfield>
    <subfield code="4">0</subfield>
    <subfield code="7">0</subfield>
    <subfield code="a">NIT</subfield>
    <subfield code="b">NIT</subfield>
    <subfield code="d">2022-09-30</subfield>
    <subfield code="l">0</subfield>
    <subfield code="o">624.182102 AME</subfield>
    <subfield code="p">NIT-13618</subfield>
    <subfield code="r">2022-11-04</subfield>
    <subfield code="w">2022-09-30</subfield>
    <subfield code="y">BK</subfield>
  </datafield>
  <datafield tag="952" ind1=" " ind2=" ">
    <subfield code="0">0</subfield>
    <subfield code="1">0</subfield>
    <subfield code="2">ddc</subfield>
    <subfield code="4">0</subfield>
    <subfield code="7">0</subfield>
    <subfield code="a">NIT</subfield>
    <subfield code="b">NIT</subfield>
    <subfield code="d">2022-09-30</subfield>
    <subfield code="l">0</subfield>
    <subfield code="o">624.182102 AME</subfield>
    <subfield code="p">NIT-13619</subfield>
    <subfield code="r">2022-11-04</subfield>
    <subfield code="w">2022-09-30</subfield>
    <subfield code="y">BK</subfield>
  </datafield>
  <datafield tag="952" ind1=" " ind2=" ">
    <subfield code="0">0</subfield>
    <subfield code="1">0</subfield>
    <subfield code="2">ddc</subfield>
    <subfield code="4">0</subfield>
    <subfield code="7">0</subfield>
    <subfield code="a">NIT</subfield>
    <subfield code="b">NIT</subfield>
    <subfield code="d">2022-09-30</subfield>
    <subfield code="l">0</subfield>
    <subfield code="o">624.182102 AME</subfield>
    <subfield code="p">NIT-13620</subfield>
    <subfield code="r">2022-11-04</subfield>
    <subfield code="w">2022-09-30</subfield>
    <subfield code="y">BK</subfield>
  </datafield>
  <datafield tag="952" ind1=" " ind2=" ">
    <subfield code="0">0</subfield>
    <subfield code="1">0</subfield>
    <subfield code="2">ddc</subfield>
    <subfield code="4">0</subfield>
    <subfield code="7">0</subfield>
    <subfield code="a">NIT</subfield>
    <subfield code="b">NIT</subfield>
    <subfield code="d">2022-09-30</subfield>
    <subfield code="l">0</subfield>
    <subfield code="o">624.182102 AME</subfield>
    <subfield code="p">NIT-13621</subfield>
    <subfield code="r">2022-11-04</subfield>
    <subfield code="w">2022-09-30</subfield>
    <subfield code="y">BK</subfield>
  </datafield>
  <datafield tag="952" ind1=" " ind2=" ">
    <subfield code="0">0</subfield>
    <subfield code="1">0</subfield>
    <subfield code="2">ddc</subfield>
    <subfield code="4">0</subfield>
    <subfield code="7">0</subfield>
    <subfield code="a">NIT</subfield>
    <subfield code="b">NIT</subfield>
    <subfield code="d">2022-09-30</subfield>
    <subfield code="l">0</subfield>
    <subfield code="o">624.182102 AME</subfield>
    <subfield code="p">NIT-13622</subfield>
    <subfield code="r">2022-11-04</subfield>
    <subfield code="w">2022-09-30</subfield>
    <subfield code="y">BK</subfield>
  </datafield>
  <datafield tag="952" ind1=" " ind2=" ">
    <subfield code="0">0</subfield>
    <subfield code="1">0</subfield>
    <subfield code="2">ddc</subfield>
    <subfield code="4">0</subfield>
    <subfield code="7">0</subfield>
    <subfield code="a">NIT</subfield>
    <subfield code="b">NIT</subfield>
    <subfield code="d">2022-09-30</subfield>
    <subfield code="l">0</subfield>
    <subfield code="o">624.182102 AME</subfield>
    <subfield code="p">NIT-13623</subfield>
    <subfield code="r">2022-11-04</subfield>
    <subfield code="w">2022-09-30</subfield>
    <subfield code="y">BK</subfield>
  </datafield>
  <datafield tag="952" ind1=" " ind2=" ">
    <subfield code="0">0</subfield>
    <subfield code="1">0</subfield>
    <subfield code="2">ddc</subfield>
    <subfield code="4">0</subfield>
    <subfield code="7">0</subfield>
    <subfield code="a">NIT</subfield>
    <subfield code="b">NIT</subfield>
    <subfield code="d">2022-09-30</subfield>
    <subfield code="l">0</subfield>
    <subfield code="o">624.182102 AME</subfield>
    <subfield code="p">NIT-13624</subfield>
    <subfield code="r">2022-11-04</subfield>
    <subfield code="w">2022-09-30</subfield>
    <subfield code="y">BK</subfield>
  </datafield>
</record>
